000 00609nam a2200205Ia 4500
005 20250508165301.0
008 008 250505s9999 xx 000 0 eng d
020 _a978-0-415-26737-3
037 _aReference
040 _aFEDL
_beng
_cFEDL
041 _aeng
_2eng
084 _a371.394, WAI/RR
_qFEDL
100 _aWaite Sue Ed.
_9780389
245 0 _aChildren learning outside the classroom: From birth eleven
260 _aLondon, UK
_bSage Publications Ltd.
_c2011
300 _axxiv, 236p.
365 _aGBP
_b21.99
942 _cREF
_h371.394, WAI/RR
999 _c1394218
_d1394218